| 000 | 00824nam a22002293a 4500 | ||
|---|---|---|---|
| 005 | 20241012063900.0 | ||
| 008 | 011003s1997 mx fr 000 0 spa d | ||
| 020 | _a9507246304 | ||
| 035 | _aUPN01000112472 | ||
| 049 | _aCG | ||
| 050 | 4 |
_aLB1028.43 _bG3.2 |
|
| 100 | 1 | _aGandulfo de Granato, María Azucena | |
| 245 | 1 | 0 |
_aCuando la tecnología es un juego : _bescuela, didáctica y computación / _cMaría Azucena Gandulfo de Granato, Norma Susana Lotic de Mirave. |
| 260 |
_aBuenos Aires : _bLumen-Humanitas, _c1997. |
||
| 300 |
_a335 p. : _bil., col. + _e1 disco de computador 3 1/2 pulg. |
||
| 650 | 4 |
_aComputadoras en la educación _94976 |
|
| 650 | 4 |
_aTecnología educativa _94978 |
|
| 650 | 4 |
_aJuegos educativos _93952 |
|
| 700 | 1 |
_aCotic de Miravé, Norma Susana, _ecoaut. |
|
| 905 | _aLibro | ||
| 999 |
_c86380 _d86380 |
||